|
|
|
|
| LEADER |
01573nam a2200325 u 4500 |
| 001 |
10008683 |
| 003 |
upatras |
| 005 |
20240430102543.0 |
| 008 |
881025s1993 maua 1 eng d |
| 020 |
|
|
|a 052144876X
|
| 040 |
|
|
|a GR-PaULI
|b gre
|c GR-PaULI
|e AACR2
|
| 041 |
0 |
|
|a eng
|
| 082 |
0 |
4 |
|2 22
|a 401.9
|
| 245 |
0 |
0 |
|a Language, memory and aging /
|c edited by Leah L. Light, Deborah M. Bruke.
|
| 260 |
|
|
|a Cambridge :
|b Cambridge University Press,
|c 1993.
|
| 300 |
|
|
|a xi, 281 σ. :
|b εικ. ;
|c 23 εκ.
|
| 500 |
|
|
|a First published 1988, first paperback edition 1993.
|
| 504 |
|
|
|a Περιλαμβάνει βιβλιογραφικές παραπομπές και ευρετήρια.
|
| 650 |
|
4 |
|a Ψυχογλωσσολογία
|9 713
|
| 650 |
|
4 |
|a Γλωσσολογία
|x Μνήμη
|x Ηλικία
|9 122633
|
| 650 |
|
4 |
|a Ψυχολογία
|x Γλώσσα
|9 9564
|
| 700 |
1 |
|
|a Light, Leah L.
|e επιμελήτρια
|9 122634
|
| 700 |
1 |
|
|a Burke, Deborah M.
|e επιμελήτρια
|9 122632
|
| 852 |
|
|
|a GR-PaULI
|b ΠΑΤΡΑ
|b ΒΚΠ
|b ΒΣ1
|k ΑΣΧΞ
|h 401.9 L
|m 18658
|p 025000070990
|t 1
|
| 852 |
|
|
|a GR-PaULI
|b ΠΑΤΡΑ
|b ΠΤΔΕ
|k ΑΣΧΞ
|h 401.9 LIG
|m 2387
|p 025000033848
|t 2
|
| 942 |
|
|
|2 ddc
|c BK15
|
| 952 |
|
|
|0 0
|1 0
|4 0
|6 401_900000000000000_L
|7 0
|9 135113
|a LISP
|b LISP
|c BSC
|d 2016-04-24
|i 18658
|l 1
|m 1
|o 401.9 L
|p 025000070990
|r 2018-12-14 00:00:00
|s 2018-11-09
|t 1
|w 2016-04-24
|y BK15
|
| 952 |
|
|
|0 0
|1 0
|4 0
|6 401_900000000000000_LIG
|7 0
|9 135114
|a PTDE
|b PTDE
|d 2016-04-24
|i 2387
|l 0
|o 401.9 LIG
|p 025000033848
|r 2016-04-24 00:00:00
|t 2
|w 2016-04-24
|y BK15
|
| 998 |
|
|
|c ΤΣΕΝΕ
|
| 999 |
|
|
|c 88505
|d 88505
|